Vox : diccionario manual griego-español /

Guardado en:
Detalles Bibliográficos
Autor principal: Pabón y Suárez de Urbina, José Manuel (autor)
Formato: Libro
Idioma:griego (moderno)
Publicado: Barcelona, España : Biblograf, 1985, c1967
Edición:17a edición
Temas:
Etiquetas: Agrega una etiqueta
Sin etiquetas, Sé el primero en etiquetar este registro!

MARC

LEADER 00000nam^a2200000^a^4500
001 000440681
005 20250521000000.0
009 20260310123342.3
020 |a 84-7153-192-6 
037 |a Acervo Xavier Clavigero 
041 |a GRI 
082 |a 483.  |b PAB 
100 |a Pabón y Suárez de Urbina, José Manuel  |e (autor) 
245 1 0 |a Vox :  |b diccionario manual griego-español /  |c J.M. Pabón y Suárez de Urbina. 
250 |a 17a edición 
264 4 |a Barcelona, España :  |b Biblograf,  |c 1985, c1967 
300 |a 711 p. 
336 |a texto  |b txt  |2 rdacontenido 
337 |a sin mediación  |b n  |2 rdamedio 
338 |a volumen  |b nc  |2 rdasoporte 
649 |a XX 
650 |a Griego-Español -  |x Enciclopedias y Diccionarios -  |x Tema Principal 
650 |a Lenguas Indo-Europeas -  |x Enciclopedias y Diccionarios 
650 |a Enciclopedias y Diccionarios Bilingües 
910 |a Fondo Víctor Raúl Durana Valerio S.J. 
920 |a Impresos - Libros 
930 |a Fondos Especiales 
905 |a 116 
901 |a 0500369452  |b IT2  |c ESP  |i D4406  |u 20250521 
902 |a https://opac.biblio.iteso.mx/vufind/Record/000440681